Personality: Studies in personal development (Record no. 1673)

MARC details
000 -LEADER
fixed length control field 00465nam a2200169Ia 4500
008 - FIXED-LENGTH DATA ELEMENTS--GENERAL INFORMATION
fixed length control field 230917s9999||||xx |||||||||||||| ||und||
020 ## - ISBN
Price RS 695.00
040 ## - CATALOGING SOURCE
-- 5010890
Original cataloging agency VIVEKANANDA LIBRARY
041 ## - Language
-- English
082 ## - DDC NUMBER
Classification number 174 S45P
100 ## - MAIN ENTRY--PERSONAL NAME
Personal name Spillman, H C
245 #0 - TITLE STATEMENT
Title Personality: Studies in personal development
260 ## - PUBLICATION, DISTRIBUTION, ETC. (IMPRINT)
Place of publication, distribution, etc New Delhi
Name of publisher, distributor, etc Shri Sai Printographers
Date of publication, distribution, etc 2019
300 ## - PHYSICAL DESCRIPTION
Pages 120 p.
500 ## - GENERAL NOTE
General note 4011 03/02/2020 FP20/599 10/02/2020 Main Budget
942 ## - ADDED ENTRY ELEMENTS (KOHA)
Koha item type Books
Holdings
Withdrawn status Lost status Damaged status Not for loan Location (home branch) Sublocation or collection (holding branch) Date acquired Koha issues (times borrowed) Koha full call number Accession No. Koha date last seen Koha item type
        VIVEKANANDA LIBRARY VIVEKANANDA LIBRARY 28/02/2020   174 S45P 396564 17/09/2023 Books
© Designed and Maintained by Vivekananda Library, MDU Rohtak